Causes et conséquences de l'évolution démographique
Uloženo v:
| Korporativní autor: | |
|---|---|
| Médium: | Kniha |
| Jazyk: | francouzština |
| Vydáno: |
Nueva York
ONU
1978
|
| Edice: | Études Démographiques, 50
|
| Témata: | |
| Tagy: |
Přidat tag
Žádné tagy, Buďte první, kdo vytvoří štítek k tomuto záznamu!
|
MARC
| LEADER | 00000nam a2200000 a 4500 | ||
|---|---|---|---|
| 001 | UCU3142 | ||
| 003 | CL-VaPUC | ||
| 008 | 960502e19780000US |||||||||||||||||fre|d | ||
| 082 | 0 | 4 | |a 304.6 |b DEP |2 21 |
| 110 | 2 | |a Département des Affaires Economiques et Sociales Nations Unies |e author |9 359906 | |
| 245 | 1 | 0 | |a Causes et conséquences de l'évolution démographique |
| 300 | |a v | ||
| 942 | |c BK | ||
| 945 | |d 19960502 00:00:00 |a paguirre | ||
| 260 | |a Nueva York |b ONU |c 1978 | ||
| 500 | |a Nouveau compendium de conclusions relatives à l'interaction des facteurs démographiques économiques et sociaux | ||
| 650 | 0 | |a Demografía |9 260008 | |
| 650 | 7 | |a CRECIMIENTO DE LA POBLACION |2 CL-VaPUC |9 359907 | |
| 650 | 7 | |a DENSIDAD DE LA POBLACION |2 CL-VaPUC |9 359908 | |
| 650 | 0 | |a Historia |9 255047 | |
| 650 | 7 | |a DINAMICA POBLACIONAL |2 CL-VaPUC |9 357685 | |
| 650 | 7 | |a TAMAÑO DE LA POBLACION |2 CL-VaPUC |9 359909 | |
| 583 | |a last modification |c 19960502 00:00:00 |k Rodrigo Vera | ||
| 490 | 0 | |a Études Démographiques, 50 | |
| 999 | |c 247243 |d 247241 | ||
| 952 | |0 0 |1 0 |4 0 |6 304_600000000000000_DEP_1978 |7 0 |8 A |9 262951 |a BIBING |b BIBING |d 2019-11-19 |h v.1 |i 1652737 |o 304.6 DEP 1978 |p 1652737 |r 2025-01-20 |w 2019-11-19 |y BK |k GEO | ||